[Event "FICGS no engines 129 email"]
[Site "FICGS email"]
[Date "2023.07.15"]
[Round "1"]
[White "Brand Lyard, Paul"]
[Black "Trigance, Emile"]
[Result "0-1"]
[WhiteElo "1386"]
[BlackElo "1840"]
[PlyCount "64"]
[EventDate "2023.??.??"]
[EventType "swiss (corr)"]
[EventRounds "1"]
[SourceTitle "Corr 2024"]
[Source "ChessBase"]
[SourceDate "2023.10.19"]
[SourceVersion "1"]
[SourceVersionDate "2023.10.19"]
[SourceQuality "1"]

1. d4 e5 2. dxe5 d6 3. exd6 Nf6 4. dxc7 Qxc7 5. Nc3 Bb4 6. Bg5 Bxc3+ 7. bxc3 Qxc3+ 8. Qd2 Qxa1+ 9. Qd1 Qxd1+ 10. Kxd1 Ne4 11. Bh4 Nc3+ 12. Kd2 Nxa2 13. Nf3 0-0 14. e3 Nb4 15. Be7 N8c6 16. Bxf8 Kxf8 17. Bb5 a6 18. Bxc6 Nxc6 19. Ra1 b5 20. Ra3 Bb7 21. g4 Rd8+ 22. Kc3 b4+ 23. Kb3 bxa3 24. Kxa3 f6 25. h4 Ne7 26. Nd4 Bd5 27. g5 fxg5 28. hxg5 h5 29. e4 Bf7 30. c3 Rxd4 31. cxd4 h4 32. e5 h3 0-1

[Event "FICGS rapid B 000386 email"]
[Site "FICGS email"]
[Date "2023.02.03"]
[Round "1"]
[White "Trigance, Emile"]
[Black "Cesbron, Guy"]
[Result "0-1"]
[WhiteElo "1857"]
[BlackElo "2021"]
[PlyCount "56"]
[EventDate "2023.??.??"]
[EventType "tourn (rapid)"]
[EventRounds "6"]
[SourceTitle "Corr 2024"]
[Source "ChessBase"]
[SourceDate "2023.10.19"]
[SourceVersion "1"]
[SourceVersionDate "2023.10.19"]
[SourceQuality "1"]

1. d4 Nf6 2. c4 e6 3. g3 d5 4. Bg2 c6 5. cxd5 exd5 6. Nf3 Bd6 7. 0-0 0-0 8. b3 Re8 9. Qc2 Na6 10. a3 Nc7 11. e3 Bg4 12. Nbd2 Qc8 13. Re1 Bf5 14. Qd1 Ne4 15. Bb2 Qe6 16. Nxe4 dxe4 17. Ne5 Nd5 18. Nc4 Rad8 19. Rc1 Bg4 20. Qc2 h5 21. Nd2 Nf6 22. b4 h4 23. Nf1 Nh7 24. Qc4 Qf5 25. Nd2 Ng5 26. Qf1 Re6 27. gxh4 Nf3+ 28. Nxf3 exf3 0-1

[Event "FICGS no engines 125 email"]
[Site "FICGS email"]
[Date "2022.12.31"]
[Round "1"]
[White "Trigance, Emile"]
[Black "Bennion, William"]
[Result "1-0"]
[WhiteElo "1851"]
[BlackElo "1936"]
[PlyCount "41"]
[EventDate "2022.??.??"]
[EventType "swiss (corr)"]
[EventRounds "1"]
[SourceTitle "Corr 2024"]
[Source "ChessBase"]
[SourceDate "2023.10.19"]
[SourceVersion "1"]
[SourceVersionDate "2023.10.19"]
[SourceQuality "1"]

1. b3 d5 2. Bb2 Nf6 3. e3 e6 4. c4 Be7 5. Be2 0-0 6. Nf3 b6 7. 0-0 Bb7 8. d3 Nbd7 9. Nc3 dxc4 10. bxc4 c5 11. Ne1 e5 12. e4 Re8 13. Bc1 h6 14. f4 Bd6 15. Nb5 Bb8 16. f5 a6 17. Nc3 Rf8 18. Rf2 Ne8 19. g4 Qh4 20. Rg2 Nef6 21. Nf3 1-0

[Event "FICGS class C 000364 email"]
[Site "FICGS email"]
[Date "2022.12.29"]
[Round "1"]
[White "Trigance, Emile"]
[Black "D Ettorre, Rodolfo"]
[Result "1-0"]
[WhiteElo "1851"]
[BlackElo "1987"]
[PlyCount "31"]
[EventDate "2022.??.??"]
[EventType "tourn (corr)"]
[EventRounds "1"]
[SourceTitle "Corr 2024"]
[Source "ChessBase"]
[SourceDate "2023.10.19"]
[SourceVersion "1"]
[SourceVersionDate "2023.10.19"]
[SourceQuality "1"]

1. e4 e5 2. Bc4 Nf6 3. d4 exd4 4. Nf3 Nxe4 5. Qxd4 Nf6 6. Bg5 Be7 7. Nc3 c6 8. 0-0-0 d5 9. Rhe1 Be6 10. Bd3 Nbd7 11. Qh4 h6 12. Nd4 Nc5 13. Nxe6 Nxe6 14. Bxf6 Bxf6 15. Qb4 Qe7 16. Qg4 1-0

[Event "FICGS no engines 124 email"]
[Site "FICGS email"]
[Date "2022.11.13"]
[Round "1"]
[White "Kruse, Herbert"]
[Black "Trigance, Emile"]
[Result "1-0"]
[WhiteElo "2490"]
[BlackElo "1851"]
[PlyCount "81"]
[EventDate "2022.??.??"]
[EventType "swiss (corr)"]
[EventRounds "1"]
[SourceTitle "Corr 2024"]
[Source "ChessBase"]
[SourceDate "2023.10.19"]
[SourceVersion "1"]
[SourceVersionDate "2023.10.19"]
[SourceQuality "1"]

1. e4 c5 2. Nf3 Nc6 3. d4 cxd4 4. Nxd4 d6 5. Nc3 Nf6 6. Bg5 e6 7. Qd2 a6 8. Nxc6 bxc6 9. 0-0-0 e5 10. Bc4 h6 11. Bh4 g5 12. Bg3 Be6 13. Bxe6 fxe6 14. Qe2 Qc7 15. Qc4 Kf7 16. h4 Be7 17. hxg5 hxg5 18. Rxh8 Rxh8 19. Qxa6 Nd7 20. Qe2 Nc5 21. a3 Qb7 22. b4 Nd7 23. Nb1 Nb6 24. Qf3+ Kg7 25. Qb3 Kf7 26. Qf3+ Kg7 27. Qg4 Kf7 28. Rd3 Rh6 29. Nd2 Na4 30. Nc4 Qb8 31. Kd2 Nb6 32. Na5 Qa8 33. Rf3+ Kg7 34. Rc3 c5 35. Qe2 Nd7 36. f3 Rh8 37. Qb5 Nb8 38. bxc5 Rc8 39. cxd6 Rd8 40. Bxe5+ Kf7 41. Rd3 1-0

[Event "FICGS no engines 124 email"]
[Site "FICGS email"]
[Date "2022.11.13"]
[Round "1"]
[White "Pech, Stepan"]
[Black "Trigance, Emile"]
[Result "1-0"]
[WhiteElo "1948"]
[BlackElo "1851"]
[PlyCount "51"]
[EventDate "2022.??.??"]
[EventType "swiss (corr)"]
[EventRounds "1"]
[SourceTitle "Corr 2024"]
[Source "ChessBase"]
[SourceDate "2023.10.19"]
[SourceVersion "1"]
[SourceVersionDate "2023.10.19"]
[SourceQuality "1"]

1. d4 Nf6 2. c4 g6 3. Nc3 d5 4. cxd5 Nxd5 5. e4 Nxc3 6. bxc3 Bg7 7. Bc4 0-0 8. Ne2 c5 9. 0-0 Nc6 10. Be3 cxd4 11. cxd4 Bg4 12. f3 Na5 13. Bxf7+ Rxf7 14. fxg4 Rxf1+ 15. Kxf1 e5 16. Kg1 Qh4 17. h3 Rf8 18. d5 Nc4 19. Qb3 Nxe3 20. d6+ Kh8 21. Qxe3 b6 22. Rd1 Bh6 23. Qd3 Qd8 24. d7 Rf6 25. Qd5 Bg7 26. Rc1 1-0

[Event "FICGS class C 000362 email"]
[Site "FICGS email"]
[Date "2022.10.19"]
[Round "1"]
[White "Dominguez Rodriguez, Yosvany"]
[Black "Trigance, Emile"]
[Result "1-0"]
[WhiteElo "1892"]
[BlackElo "1864"]
[PlyCount "31"]
[EventDate "2022.??.??"]
[EventType "tourn (corr)"]
[EventRounds "1"]
[SourceTitle "Corr 2024"]
[Source "ChessBase"]
[SourceDate "2023.10.19"]
[SourceVersion "1"]
[SourceVersionDate "2023.10.19"]
[SourceQuality "1"]

1. e4 a6 2. d4 e6 3. Bd3 d5 4. Nc3 c5 5. dxc5 Bxc5 6. exd5 exd5 7. Nxd5 Ba7 8. Qe2+ Ne7 9. Bg5 Nbc6 10. Nxe7 Nxe7 11. 0-0-0 Qc7 12. Nh3 Be6 13. Nf4 h6 14. Nxe6 fxe6 15. Qxe6 Kf8 16. Bc4 1-0

[Event "FICGS no engines 123 email"]
[Site "FICGS email"]
[Date "2022.09.24"]
[Round "1"]
[White "Bussoli, Marco"]
[Black "Trigance, Emile"]
[Result "0-1"]
[WhiteElo "2163"]
[BlackElo "1864"]
[PlyCount "44"]
[EventDate "2022.??.??"]
[EventType "swiss (corr)"]
[EventRounds "1"]
[SourceTitle "Corr 2024"]
[Source "ChessBase"]
[SourceDate "2023.10.19"]
[SourceVersion "1"]
[SourceVersionDate "2023.10.19"]
[SourceQuality "1"]

1. d4 a6 2. c4 f5 3. Nc3 Nf6 4. Nf3 g6 5. g3 d6 6. Bg5 Bg7 7. Bg2 Nbd7 8. 0-0 0-0 9. Qb3 Kh8 10. Qc2 Rb8 11. e4 fxe4 12. Nxe4 c5 13. dxc5 Nxc5 14. Nxc5 dxc5 15. Rad1 Qe8 16. Rfe1 Bf5 17. Qe2 Ne4 18. Bd2 Bxb2 19. Nh4 Nxd2 20. Rxd2 Bc3 21. Nxf5 Rxf5 22. Rd5 Bxe1 0-1

[Event "FICGS class C 000360 email"]
[Site "FICGS email"]
[Date "2022.08.28"]
[Round "1"]
[White "Trigance, Emile"]
[Black "Domingo, Jordi"]
[Result "0-1"]
[WhiteElo "1806"]
[BlackElo "1909"]
[PlyCount "22"]
[EventDate "2022.??.??"]
[EventType "tourn (corr)"]
[EventRounds "1"]
[SourceTitle "Corr 2024"]
[Source "ChessBase"]
[SourceDate "2023.10.19"]
[SourceVersion "1"]
[SourceVersionDate "2023.10.19"]
[SourceQuality "1"]

1. a3 e5 2. b4 d5 3. Bb2 Nd7 4. e3 a5 5. b5 Ngf6 6. Nf3 e4 7. Nd4 Nc5 8. a4 Bd6 9. Be2 Qe7 10. 0-0 Qe5 11. Qc1 Qxh2# 0-1

[Event "FICGS class C 000360 email"]
[Site "FICGS email"]
[Date "2022.08.28"]
[Round "1"]
[White "Trigance, Emile"]
[Black "Javier, Christian"]
[Result "0-1"]
[WhiteElo "1806"]
[BlackElo "2154"]
[PlyCount "24"]
[EventDate "2022.??.??"]
[EventType "tourn (corr)"]
[EventRounds "1"]
[SourceTitle "Corr 2024"]
[Source "ChessBase"]
[SourceDate "2023.10.19"]
[SourceVersion "1"]
[SourceVersionDate "2023.10.19"]
[SourceQuality "1"]

1. a3 f5 2. b4 e5 3. Bb2 d6 4. e3 Nf6 5. Bc4 d5 6. Bb3 Bd6 7. Ne2 Nbd7 8. Nbc3 c6 9. 0-0 e4 10. d3 Bxh2+ 11. Kxh2 Ng4+ 12. Kg3 Qg5 0-1

[Event "FICGS class C 000357 email"]
[Site "FICGS email"]
[Date "2022.07.12"]
[Round "1"]
[White "Trigance, Emile"]
[Black "Benone, Mateia"]
[Result "1-0"]
[WhiteElo "1806"]
[BlackElo "1820"]
[PlyCount "33"]
[EventDate "2022.??.??"]
[EventType "tourn (corr)"]
[EventRounds "1"]
[SourceTitle "Corr 2024"]
[Source "ChessBase"]
[SourceDate "2023.10.19"]
[SourceVersion "1"]
[SourceVersionDate "2023.10.19"]
[SourceQuality "1"]

1. d4 Nf6 2. c4 c5 3. d5 b5 4. Qc2 Na6 5. Bd2 Nb4 6. Bxb4 cxb4 7. e4 Qa5 8. b3 bxc4 9. Bxc4 g6 10. Nd2 Bg7 11. Rc1 Bb7 12. Ne2 0-0 13. 0-0 Rac8 14. Qb1 d6 15. h3 h5 16. Rc2 Rc5 17. Rfc1 1-0

[Event "FICGS class C 000357 email"]
[Site "FICGS email"]
[Date "2022.07.12"]
[Round "1"]
[White "Trigance, Emile"]
[Black "Domingo, Jordi"]
[Result "0-1"]
[WhiteElo "1806"]
[BlackElo "1909"]
[PlyCount "26"]
[EventDate "2022.??.??"]
[EventType "tourn (corr)"]
[EventRounds "1"]
[SourceTitle "Corr 2024"]
[Source "ChessBase"]
[SourceDate "2023.10.19"]
[SourceVersion "1"]
[SourceVersionDate "2023.10.19"]
[SourceQuality "1"]

1. d4 h6 2. e4 c5 3. Nf3 cxd4 4. Nxd4 a6 5. Bd3 Nf6 6. 0-0 e5 7. Nb3 d6 8. h3 Be6 9. c4 g5 10. g4 h5 11. Bxg5 hxg4 12. hxg4 Bh6 13. Bxh6 Nxg4 0-1

[Event "FICGS class C 000356 email"]
[Site "FICGS email"]
[Date "2022.07.02"]
[Round "1"]
[White "Cleto Junior, Dirceu"]
[Black "Trigance, Emile"]
[Result "1-0"]
[WhiteElo "2089"]
[BlackElo "1809"]
[PlyCount "49"]
[EventDate "2022.??.??"]
[EventType "tourn (corr)"]
[EventRounds "1"]
[SourceTitle "Corr 2024"]
[Source "ChessBase"]
[SourceDate "2023.10.19"]
[SourceVersion "1"]
[SourceVersionDate "2023.10.19"]
[SourceQuality "1"]

1. d4 d5 2. c4 c6 3. Nf3 Nf6 4. Nc3 dxc4 5. a4 Bf5 6. Ne5 Nbd7 7. Nxc4 Qc7 8. g3 e5 9. dxe5 Nxe5 10. Bf4 Nfd7 11. Bg2 f6 12. 0-0 Be6 13. Nxe5 fxe5 14. Bg5 h6 15. Be3 Bc5 16. Qc2 0-0-0 17. Qg6 Bb3 18. a5 Bxe3 19. fxe3 Nf6 20. a6 Bc4 21. Rxf6 gxf6 22. Qg4+ Kb8 23. Qxc4 Qb6 24. axb7 Kxb7 25. Na4 1-0

[Event "FICGS class C 000355 email"]
[Site "FICGS email"]
[Date "2022.06.11"]
[Round "1"]
[White "Olonan, Wilfredo Olanka"]
[Black "Trigance, Emile"]
[Result "0-1"]
[WhiteElo "1800"]
[BlackElo "1809"]
[PlyCount "62"]
[EventDate "2022.??.??"]
[EventType "tourn (corr)"]
[EventRounds "1"]
[SourceTitle "Corr 2024"]
[Source "ChessBase"]
[SourceDate "2023.10.19"]
[SourceVersion "1"]
[SourceVersionDate "2023.10.19"]
[SourceQuality "1"]

1. Nf3 d5 2. h3 c5 3. e3 Nf6 4. a3 e6 5. d3 Bd6 6. Nbd2 b6 7. c3 Bb7 8. g3 Nbd7 9. Bg2 0-0 10. 0-0 Qc7 11. Qe2 h6 12. b3 Ne5 13. Bb2 Nfd7 14. Rac1 f5 15. Rfe1 Nf6 16. Kh2 g5 17. Nf1 Rf7 18. d4 Nxf3+ 19. Bxf3 Raf8 20. Ra1 Ne4 21. c4 g4 22. Bg2 gxh3 23. Bxh3 dxc4 24. bxc4 Kh7 25. Rad1 Rg8 26. d5 Nxg3 27. fxg3 Bxg3+ 28. Nxg3 Qxg3+ 29. Kh1 Qxh3+ 30. Qh2 Qf3+ 31. Qg2 Qxg2# 0-1